=LDR 00000nam 2200000 4500 =001 INLIS000000000050182 =005 20171205010235 =035 ##$$a 0010-041700000000372 =008 171205###########################0###### =020 ##$$a 978 - 602 - 6827 - 00 - =040 ##$$a NBPDMAT =082 ##$$a 370.1 =090 ##$$a 370.1 -Muk b =100 ##$$a Mukani =245 1#$$a Berguru ke Sang Kiai /$c Mukani =250 ##$$a Cet. 1 =260 ##$$a Yogyakaarta :$b Kalimedia,$c 2015 =300 ##$$a xvi,271 hlm. : $b ilus. ; $c 20 cm. =650 ##$$a Teori Pendidikan =084 ##$$a 370.1 Muk b =990 ##$$a 31701127 =990 ##$$a 31701128